000 01459cam a2200385 a 4500
999 _c22525
_d22525
001 2526348
005 20170124114013.0
008 931216s1994 ohua b 001 0 eng d
010 _a 93072851
020 _a0879726334 (cloth)
020 _a0879726342 (paper)
035 _a(OCoLC)30763931
040 _aNNF
_cNNF
_dDLC
042 _alccopycat
043 _an-us---
050 0 4 _aNA6150
_b.M37 1994
100 1 _aMcDowell, Peggy.
245 1 4 _aThe revival styles in American memorial art /
_cPeggy McDowell and Richard E. Meyer.
260 _aBowling Green, OH :
_bBowling Green State University Popular Press,
_c1994.
300 _a206 p. :
_bill. ;
_c29 cm.
504 _aIncludes index and bibliography (p. 191-201).
650 0 _aSepulchral monuments
_zUnited States.
650 0 _aCemeteries
_zUnited States.
650 0 _aGothic revival (Architecture)
_zUnited States.
650 0 _aGreek revival (Architecture)
_zUnited States.
650 0 _aEgyptian revival (Architecture)
_zUnited States.
700 1 _aMeyer, Richard E.,
_d1939-
942 _2lcc
_cBOOKS
_hNA6150 .M37 1994